Lana Del Rey lyrics - Statistics

General Stats
  • This quiz has been taken 1,329 times
    1,328 since last reset
  • The average score is 11 of 25
Answer Stats
Hint Answer % Correct
I've got my red dress on tonight, dancing in the dark and the pale moonlight. Done my hair up real big beauty queen style. High heels off, I'm feeling alive. Summertime Sadness
85%
Feet don't fail me now, take me to the finish line. Oh my heart it breaks, every step that I take. But I'm hoping at the gates they'll tell me that you're mine Born to Die
83%
Your soul is haunting me and telling me that everything is fine, but I wish I was dead. Dark Paradise
80%
I'm tired of feeling like I'm f***ing crazy, I'm tired of driving till I see stars in my eyes. Ride
74%
He holds me in his big arms, drunk and I am seeing stars, this is all I thing of. Video Games
73%
Baby put on heart-shaped sunglasses cause we're gonna take a ride. I'm not gonna listen to what the past is, I've been waiting up all night. Diet Mountain Dew
68%
That's where the beginning of the end begun. Everybody knew that we had too much fun. We were skipping school and drinking on the job with the boss. This Is What Makes Us Girls
63%
Come on baby, let's ride. We can escape to the other side. I know your wife and she wouldn't mind. We made out to the other side. Cola
60%
No one's gonna take my soul away. Living like Jim Morrison headed towards a f***ed up holiday. Gods & Monsters
60%
I don't know how you get over someone as dangerous, tainted, and flawed as you. Million Dollar Man
52%
No more skipping rope, skipping heartbeats with the boys downtown. Just you and me feeling the heat even when the sun goes down. Lolita
51%
It only takes two hours to Nevada. I wear your sparkle, you call me your mama. Let me put on a show for you daddy, let me put on a show. Yayo
44%
My clothes still smell like you, and all the photographs they are still young. I pretend I'm not hurt and go about the world like I'm having fun. Body Electric
39%
Everybody wants to go fast but they can't compare. I don't really want the rest, only you can take me there. I don't even know what I'm saying but I'm praying for you. American
37%
Lights, camera, action. He didn't know he'd have this much fun. Little Girls (Put Me In A Movie)
37%
I was born bad, but then I met you. You made me nice for a while but my dark side's true. Kinda Outta Luck
24%
I look for you in magazines, I'm taking off my wedding ring. Brite Lites
21%
Maybe we could go to Coney Island, maybe I could sing you to sleep. God bless the universe, God bless the ocean. God bless you and God bless me. Mermaid Motel
19%
Don't cry honey, crazy girl. Don't you know you are the world? Any time you feel unsure, try to remember what you are. Gramma (Blue Ribbon Sparkler Trailer Heaven)
13%
If you want it, it's yours. It's free, but of course. You're my sunshine. Jimmy Necco
13%
Do you like my fake nails daddy? Black palm trees, pink diamond stripes. Used to go to the Comfort Inn yeah, will you buy me a slice of cherry pie? Trash Magic
13%
I am the New Jersey dance queen, he is the king's direction king. He knows that I'd be selling the body, my man's the best cause he knows what's up. Hundred Dollar Bill
12%
No man can keep me together, been broken since I was born. Pawn Shop Blues
12%
Once you've had something so beautiful, you'll never be the same. Once you've had a taste of living my way, you'll be forever changed. Dum Dum
10%
Why do I think too much? You tell me not to worry because you're the boss. And you got a real good plan. My trouble's all over now because you're my man. On Our Way
9%
No matching quizzes found
Score Distribution
Percent of People with Each Score
Percentile by Number Answered
Your Score History
You have not taken this quiz since the last reset